Seattle Seahawks: Pro Bowl Selections - Statistics

General Stats
  • This quiz has been taken 848 times
    39 since last reset
  • The average score is 34 of 67
Answer Stats
Position Amount of Position Player % Correct
RB 4 Marshawn Lynch
100%
QB 7 Russell Wilson
100%
QB 2 Geno Smith
97%
CB 4 Richard Sherman
97%
WR 7 Steve Largent
97%
WR 2 Jaxon Smith-Njigba
93%
QB 3 Matt Hasselbeck
93%
WR 2 DK Metcalf
90%
RB 3 Shaun Alexander
90%
WR 2 Doug Baldwin
87%
CB 4 Kam Chancellor
87%
CB 6 Earl Thomas
83%
QB 1 Sam Darnold
83%
WR 1 Tyler Lockett
83%
LB 9 Bobby Wagner
80%
CB 3 Devon Witherspoon
77%
TE 2 Jimmy Graham
73%
DT 2 Leonard Williams
73%
T 9 Walter Jones
70%
CB 1 Darryl Williams
67%
QB 3 Dave Krieg
67%
FB 2 John Williams
67%
G 1 Duane Brown
63%
K 1 Jason Myers
63%
DE 3 Michael Bennett
63%
LB 2 Chad Brown
57%
DT 8 Cortez Kennedy
57%
CB 1 Dave Brown
57%
LB 1 K.J. Wright
57%
CB 1 Tariq Woolen
57%
DE 1 Cliff Avril
53%
P 1 Michael Dickson
53%
DE 1 DeMarcus Lawrence
50%
RS 1 Rashid Shaheed
50%
CB 5 Kenny Easly
47%
G 3 Steve Hutchinson
43%
QB 1 Warren Moon
43%
RB 3 Curt Warner
40%
CB 1 Brandon Browner
37%
CB 1 Jamal Adams
37%
C 2 Max Unger
37%
CB 1 Julian Love
33%
K 1 Norm Johnson
33%
CB 3 Quandre Diggs
30%
WR 1 Brian Blades
27%
DE 2 Jacob Green
27%
CB 1 Marcus Trufant
27%
FB 1 Michael Robinson
27%
T 1 Russell Okung
27%
LS 1 Tyler Ott
27%
CB 2 Eugene Robinson
23%
LB 3 Lofa Tatupu
23%
FB 2 Mack Strong
23%
CB 1 Shawn Springs
23%
LB 4 Fredd Young
20%
DT 1 John Randle
20%
RB 1 Leon Washington
17%
FB 2 Nick Bellore
17%
LB 2 Rufus Porter
17%
WR 1 Alex Bannister
13%
RB 1 Bobby Joe Edmonds
13%
DT 1 Joe Nash
13%
DE 3 Michael Sinclair
13%
P 1 Rick Tuten
13%
LB 3 Julian Peterson
10%
DE 1 Patrick Kerney
10%
C 1 Robbie Tobeck
10%
No matching quizzes found
Score Distribution
Percent of People with Each Score
Percentile by Number Answered
Your Score History
You have not taken this quiz since the last reset